| 000 | 01747cam a22003738a 4500 | ||
|---|---|---|---|
| 001 | 15059100 | ||
| 005 | 20100216113945.0 | ||
| 008 | 071025s2008 nyu bf 001 0 eng | ||
| 010 | _a 2007044036 | ||
| 020 | _a9780415426060 (hardback) | ||
| 020 | _a0415426065 (hardback) | ||
| 020 | _a9780415426077 (pbk.) | ||
| 020 | _a0415426073 (pbk.) | ||
| 020 | _a9780203927762 (ebk.) | ||
| 020 | _a0203927761 (ebk.) | ||
| 040 |
_aDLC _cDLC _dDLC |
||
| 050 | 0 | 0 |
_aLB1044.87 _b.M26 2008 |
| 082 | 0 | 0 |
_a371.3344678 _222 _bMAS |
| 100 | 1 |
_aMason, Robin. _912539 |
|
| 245 | 1 | 4 |
_aE-learning and Social Networking Handbook : _bResources for Higher Education / _cRobin Mason, Frank Rennie. |
| 260 |
_aNew York ; _aLondon : _bRoutledge, _cc2008. |
||
| 263 | _a0804 | ||
| 300 |
_aix, 194p.: _c24 cm. |
||
| 504 | _aIncludes bibliographical references and index. | ||
| 505 | 0 | _aSocial networking as an educational tool -- Design for a distributed environment -- Selecting the media palette -- The tools in practice -- Constraints on course design -- Evaluating course design and understanding its implications. | |
| 650 | 0 |
_aInternet in higher education _vHandbooks, manuals, etc. _912540 |
|
| 650 | 0 |
_aOnline social networks _vHandbooks, manuals, etc. _912541 |
|
| 650 | 0 |
_aInstructional systems _xDesign _vHandbooks, manuals, etc. _912542 |
|
| 700 | 1 |
_aRennie, Frank. _912543 |
|
| 856 | 4 | 1 |
_3Table of contents only _uhttp://www.loc.gov/catdir/toc/ecip083/2007044036.html |
| 942 |
_2ddc _cBB |
||
| 999 |
_c13646 _d13646 |
||